000
00203 a2200097 4500
001
29407
100
_a
245
_a
English grammar book II
260
_a
_b
Collier Macmillan
_c
090
_c
19620
_d
19620
942
_a
NUST-CAE
_c
M
_c
10692
999
_c
264480
_d
264480